000 00302nam a2200121Ia 4500
008 190216s9999||||xx |||||||||||||| ||und||
100 _aPillai R S N&Amp; Bagavathi
245 0 _aModern Marketing
260 _bCalicut University Publications
_c1987
300 _a390p
650 _aCommerce
942 _cBK
999 _c7126
_d7126